| 000 -CABECERA |
| Campo de control de longitud fija |
00754nam a22001697a 4500 |
| 008 - CAMPO FIJO DE DESCRIPCIÓN FIJA--INFORMACIÓN GENERAL |
| Campo de control de longitud fija |
231023b ||||| |||| 00| 0 eng d |
| 020 ## - ISBN (INTERNATIONAL STANDARD BOOK NUMBER) |
| ISBN |
9788419552549 |
| 040 ## - FUENTE DE CATALOGACIÓN |
| Agencia de catalogación original |
CDMR |
| Agencia que realiza la modificación |
CDMR |
| 100 1# - ENCABEZAMIENTO PRINCIPAL--NOMBRE PERSONAL |
| 9 (RLIN) |
766 |
| Nombre de persona |
Vázquez Montalbán, Manuel |
| 245 ## - MENCIÓN DE TÍTULO |
| Título |
Los papeles de Admunsen |
| Mención de responsabilidad, etc. |
/ Manuel Vázquez Montalbán; edición de José Colmeiro |
| 260 ## - PUBLICACIÓN, DISTRIBUCIÓN, ETC (PIE DE IMPRENTA) |
| Lugar de publicación, distribución, etc. |
Barcelona : |
| Nombre del editor, distribuidor, etc. |
Navona, |
| Fecha de publicación, distribución, etc. |
2023 |
| 300 ## - DESCRIPCIÓN FÍSICA |
| Extensión |
440 p. |
| Dimensiones |
; 22 cm |
| 505 ## - NOTA DE CONTENIDO FORMATEADA |
| Nota de contenido con formato preestablecido |
Novel·la inèdita que Manuel Vázquez Montalbán va presentar al premi Biblioteca Breve. |
| 505 ## - NOTA DE CONTENIDO FORMATEADA |
| Nota de contenido con formato preestablecido |
Conté una introducció de l'editor literari (p. 11-56), notes i obres citades (p. 415-440), i al final (sense numerar) un annex amb fotos del manuscrit original de la novel·la. |
| 700 ## - ENCABEZAMIENTO SECUNDARIO--NOMBRE PERSONAL |
| 9 (RLIN) |
4897 |
| Nombre de persona |
Colmeiro, José |
| 942 ## - ELEMENTOS KOHA |
| Fuente de clasificación o esquema de ordenación en estanterías |
|
| Koha tipo de item |
Monografies |